000 00884pam a2200277 a 4500
001 3172
005 20240215111831.0
020 _a9780590436045
040 _aDLC
_cDLC
_dDLC
_beng
050 0 0 _aPZ7.W187
_b1988
082 0 0 _a813
100 1 _aWard, Cindy
245 1 0 _aCookie's week /
_cby Ward, Cindy ; illustrated by DePaola, Tomie
250 _aFirst Scholastic printing, September 1990
260 _aNew York :
_bScholastic ,
_c1988
300 _a29 unnumbered pages :
_bcolor illustrations ;
_c19 cm.
505 _aF
520 _aCookie the cat gets into a different kind of mischief every day of the week.
521 _a360
_bLexile
521 _aF
_bRaz-Plus
650 1 _aCats
_vFiction
650 1 _aDays
_vFiction
700 1 _aDePaola, Tomie
_d1934-2020
_eillustrator
906 _a7
_bcbc
_corignew
_d1
_eocip
_f19
_gy-gencatlg
942 _2ddc
_cBK
_n0
999 _c3172
_d3172